| 000 | 00932nam a2200205 a 4500 | ||
|---|---|---|---|
| 001 | 000901515 | ||
| 003 | AM-YeHGA | ||
| 005 | 20250617161112.0 | ||
| 008 | 120621s1965 ru r 000 0 rus d | ||
| 040 | _aAM-YeHGA | ||
| 041 | 0 | _arus | |
| 100 | 1 | _aДжолова, Нина Григорьевна | |
| 245 | 1 | 0 |
_aНасекомые - вредители овощных культур Прибайкалья / _cН.Г. Джолова; Отв. ред. А.С. Рожков; АН СССР, СО, Вост.-Сиб. биолог. ин-т. |
| 260 |
_aМ. : _bНаука, _c1965. |
||
| 300 |
_a110 с. : _bрис., табл. ; _c26 см. |
||
| 650 | 1 | 4 | _aОвощеводство, декоративное садоводство и цветоводство |
| 700 | 1 |
_aРожков, А.С. _eред. _4edt |
|
| 710 | 2 | _aВосточно-Сибирский биологический институт СО АН СССР | |
| 090 | _c468747 | ||
| 999 |
_c465548 _d465548 |
||